[Event "3rd EUR-ch (w)"]
[Site "Varna BUL"]
[Date "2002.05.28"]
[Round "2.11"]
[White "Lallemand, Roza"]
[Black "Vasylevich, Tatiana"]
[Result "1-0"]
[WhiteElo "2300"]
[BlackElo "2421"]
[EventDate "2002.05.27"]
[PlyCount "143"]

1.e4 c5 2.Nf3 e6 3.d4 cxd4 4.Nxd4 a6 5.Nc3 b5 6.Bd3 Bb7 7.O-O Qc7 8.Kh1 
Nf6 9.a3 d6 10.f4 Nbd7 11.Qf3 g6 12.Be3 Bg7 13.Rae1 O-O 14.Qh3 Rfe8 15.Qh4
Rac8 16.Nf3 e5 17.fxe5 dxe5 18.Ng5 Nf8 19.Rf3 h6 20.Nh3 g5 21.Qf2 Ng4 22.
Qg3 Nxe3 23.Rfxe3 Ne6 24.Qg4 Qc5 25.Rf3 Nd4 26.Rf2 Rc7 27.Ref1 Bc8 28.Qh5 
Be6 29.Ng1 Qe7 30.Nf3 Qd7 31.h3 Nc6 32.Nh2 b4 33.Nd5 Bxd5 34.exd5 Qxd5 35.
Ng4 e4 36.Nf6+ Bxf6 37.Rxf6 exd3 38.Rxh6 Qd4 39.Rxc6 Rce7 40.Qxg5+ Qg7 41.
Qxg7+ Kxg7 42.cxd3 bxa3 43.bxa3 Rd8 44.Rf3 Re6 45.Rc7 Rf6 46.Rxf6 Kxf6 47.
Rc6+ Kg7 48.Rxa6 Rxd3 49.a4 Ra3 50.a5 Ra2 51.Kh2 Kh7 52.Ra8 Kg7 53.a6 Kh7 
54.Kg3 Kg7 55.Kf3 Kh7 56.g3 Kg7 57.h4 Kh7 58.Kf4 Kg7 59.h5 Ra5 60.g4 Ra4+ 
61.Kg5 Ra5+ 62.Kh4 Ra4 63.Ra7 Kh6 64.Rb7 f5 65.Rb6+ Kh7 66.Kg5 Rxg4+ 67.
Kxf5 Ra4 68.Ke5 Ra5+ 69.Kd6 Rxh5 70.a7 Ra5 71.Rb7+ Kg6 72.Kc7 1-0

[Event "3rd EUR-ch (w)"]
[Site "Varna BUL"]
[Date "2002.05.28"]
[Round "2.13"]
[White "Calotescu, Ana-Cristina"]
[Black "Hunt, Harriet"]
[Result "1/2-1/2"]
[WhiteElo "2299"]
[BlackElo "2415"]
[EventDate "2002.05.27"]
[PlyCount "269"]

1.Nf3 Nf6 2.c4 e6 3.g3 a6 4.b3 b5 5.Bb2 c5 6.d3 Bb7 7.Bg2 Be7 8.O-O O-O 9.
Nbd2 Nc6 10.d4 bxc4 11.Nxc4 d5 12.Nce5 Nxe5 13.Nxe5 Qb6 14.Rc1 Rac8 15.Qd2
cxd4 16.Bxd4 Qb4 17.Qb2 a5 18.Rfd1 Qa3 19.Qa1 Rfd8 20.e3 Bf8 21.h4 Ne8 22.
Bh3 Qd6 23.Nd3 Qa3 24.h5 h6 25.Nf4 Bd6 26.Rxc8 Bxc8 27.Kh2 Qb4 28.Qb2 Qb8 
29.Nd3 Qb7 30.Rc1 Bd7 31.Nc5 Qa8 32.Bf1 Bc8 33.Bb5 f6 34.Nd3 Bd7 35.a4 
Bxb5 36.axb5 Qb7 37.b6 e5 38.Bc5 Bxc5 39.Rxc5 Qxb6 40.Qc3 d4 41.Qc4+ Kh7 
42.exd4 Rxd4 43.Qf7 Qd8 44.Rc3 Nd6 45.Qg6+ Kg8 46.Nc5 Qe7 47.Rc2 e4 48.Ra2
Rd5 49.Rxa5 Qe8 50.Qxe8+ Nxe8 51.g4 f5 52.b4 Nf6 53.Ra8+ Kh7 54.Ne6 Nxg4+ 
55.Kg2 Rd6 56.Nf8+ Kg8 57.Ng6+ Kf7 58.Rf8+ Ke6 59.Nf4+ Ke5 60.Ng6+ Kd4 61.
Rxf5 Nf6 62.Nf4 Rb6 63.b5 Kc4 64.Kg3 Rxb5 65.Rxb5 Kxb5 66.Kh4 Kc6 67.Ne6 
Ne8 68.Kg4 Kd5 69.Nf4+ Ke5 70.Ng6+ Kf6 71.Nf4 Ke5 72.Ng6+ Kf6 73.Kf4 Ke6 
74.Nf8+ Kf7 75.Nd7 Nf6 76.Nxf6 Kxf6 77.Kxe4 Kg5 78.f4+ Kxh5 79.Kf5 g5 80.
Ke4 g4 81.f5 Kg5 82.Ke5 g3 83.f6 g2 84.f7 g1=Q 85.f8=Q Qe3+ 86.Kd5 h5 87.
Qd8+ Kg4 88.Qc8+ Kg3 89.Qb8+ Qf4 90.Qb1 Qf3+ 91.Ke5 Qe3+ 92.Kf5 h4 93.Qb8+
Kh3 94.Qb1 Qf3+ 95.Kg5 Qg4+ 96.Kh6 Qe6+ 97.Kg5 Qe5+ 98.Kh6 Qe3+ 99.Kh5 
Qe2+ 100.Kg5 Qg2+ 101.Kh5 Qg4+ 102.Kh6 Kg2 103.Qc2+ Kg3 104.Qb1 Qe6+ 105.
Kg5 Qe3+ 106.Kh5 h3 107.Qb8+ Qf4 108.Qg8+ Kf2 109.Qa2+ Kg1 110.Qb1+ Kg2 
111.Qc2+ Qf2 112.Qg6+ Kf1 113.Qb1+ Qe1 114.Qf5+ Kg2 115.Qc2+ Qf2 116.Qg6+ 
Kh2 117.Qd6+ Kg1 118.Qg6+ Qg2 119.Qb1+ Kf2 120.Qc2+ Ke3 121.Qc3+ Ke4 122.
Qc4+ Kf5 123.Qc8+ Ke5 124.Qc3+ Kd6 125.Qb4+ Ke6 126.Qb6+ Ke5 127.Qb8+ Kf5 
128.Qc8+ Kf4 129.Qc7+ Ke3 130.Qc3+ Kf2 131.Qc5+ Ke1 132.Qc1+ Ke2 133.Qc2+ 
Kf3 134.Qc6+ Kg3 135.Qc7+ 1/2-1/2

[Event "3rd EUR-ch (w)"]
[Site "Varna BUL"]
[Date "2002.05.28"]
[Round "2.14"]
[White "Alexandrova, Olga"]
[Black "Sikorova, Olga"]
[Result "1-0"]
[WhiteElo "2413"]
[BlackElo "2298"]
[EventDate "2002.05.27"]
[PlyCount "87"]

1.d4 Nf6 2.Nf3 c5 3.d5 e6 4.Nc3 d6 5.e4 exd5 6.Nxd5 Be6 7.Bg5 Bxd5 8.exd5 
Nbd7 9.Be2 Be7 10.O-O O-O 11.c4 Ng4 12.Bf4 Nde5 13.Nxe5 Nxe5 14.Qd2 Bf6 
15.Be3 Re8 16.Rae1 Qd7 17.h3 Re7 18.f4 Ng6 19.Bg4 Qc7 20.Bf2 Rae8 21.b3 h6
22.g3 b6 23.Kg2 Qd8 24.h4 Rxe1 25.Rxe1 Re7 26.h5 Nf8 27.Rxe7 Qxe7 28.Qe3 
Qxe3 29.Bxe3 Bc3 30.Be2 Nd7 31.g4 Nf6 32.g5 Nh7 33.Bd3 f6 34.g6 Nf8 35.Bf5
Bb2 36.Kf3 Bc3 37.Ke2 Bb4 38.Kd3 Be1 39.Bd2 Bf2 40.a3 a5 41.b4 a4 42.b5 
Bd4 43.Bc3 Bf2 44.Ba5 1-0

[Event "3rd EUR-ch (w)"]
[Site "Varna BUL"]
[Date "2002.05.28"]
[Round "2.15"]
[White "Krupkova, Petra"]
[Black "Danielian, Elina"]
[Result "0-1"]
[WhiteElo "2293"]
[BlackElo "2411"]
[EventDate "2002.05.27"]
[PlyCount "60"]

1.e4 c6 2.d4 d5 3.exd5 cxd5 4.c4 Nf6 5.Nc3 e6 6.Nf3 Bb4 7.cxd5 Nxd5 8.Qc2 
Nc6 9.Bd3 Nf6 10.O-O Be7 11.a3 O-O 12.Rd1 Bd7 13.Bg5 h6 14.Bh4 Rc8 15.Qe2 
Nh5 16.Bxe7 Nxe7 17.Qe4 g6 18.Qxb7 Bc6 19.Qxa7 Bxf3 20.gxf3 Nc6 21.Qa6 
Nxd4 22.Be4 Nf4 23.Kf1 e5 24.Nb5 Qd7 25.Nxd4 exd4 26.Qf6 Qh3+ 27.Ke1 Qxh2 
28.Qxd4 Kh7 29.Rac1 Rfd8 30.Qxd8 Qg1+ 0-1

[Event "3rd EUR-ch (w)"]
[Site "Varna BUL"]
[Date "2002.05.28"]
[Round "2.16"]
[White "Sedina, Elena"]
[Black "Schuurman, Petra"]
[Result "1-0"]
[WhiteElo "2407"]
[BlackElo "2283"]
[EventDate "2002.05.27"]
[PlyCount "45"]

1.e4 c5 2.Nf3 g6 3.c3 Bg7 4.d4 cxd4 5.cxd4 d5 6.exd5 Nf6 7.Bc4 O-O 8.Nc3 
Nbd7 9.O-O Nb6 10.Bb3 Nfxd5 11.Re1 Be6 12.Ne5 Rc8 13.Qf3 Nc7 14.Qxb7 Qxd4 
15.Nc6 Qd7 16.Bxe6 fxe6 17.Bg5 Rce8 18.Rac1 Qc8 19.Qxa7 Ncd5 20.Nxe7+ Rxe7
21.Bxe7 Rf7 22.Nxd5 Nxd5 23.Qa5 1-0

[Event "3rd EUR-ch (w)"]
[Site "Varna BUL"]
[Date "2002.05.28"]
[Round "2.17"]
[White "Andreeva, Natalia"]
[Black "Mkrtchian, Lilit"]
[Result "1/2-1/2"]
[WhiteElo "2289"]
[BlackElo "2391"]
[EventDate "2002.05.27"]
[PlyCount "39"]

1.e4 e6 2.d4 d5 3.exd5 exd5 4.Nf3 Nf6 5.Bd3 Bd6 6.O-O O-O 7.h3 h6 8.c4 
dxc4 9.Bxc4 a6 10.a3 b5 11.Ba2 Bb7 12.Nc3 Nbd7 13.Qd3 c5 14.Bxh6 c4 15.Qd2
gxh6 16.Qxh6 Re8 17.Qg5+ Kh8 18.Qh6+ Kg8 19.Qg5+ Kh8 20.Qh6+ 1/2-1/2

[Event "3rd EUR-ch (w)"]
[Site "Varna BUL"]
[Date "2002.05.28"]
[Round "2.19"]
[White "Calzetta Ruiz, Monica"]
[Black "Ovod, Evgenia"]
[Result "1-0"]
[WhiteElo "2278"]
[BlackElo "2379"]
[EventDate "2002.05.27"]
[PlyCount "81"]

1.e4 e5 2.Nf3 Nc6 3.d4 exd4 4.Nxd4 Bb4+ 5.c3 Be7 6.Nxc6 bxc6 7.Bc4 d6 8.
Qb3 Nf6 9.Bxf7+ Kf8 10.e5 Nd7 11.Bh5 Nxe5 12.O-O Ba6 13.Re1 Bc4 14.Qa4 Bd5
15.c4 Nxc4 16.Nc3 Ne5 17.Nxd5 cxd5 18.Bd2 c5 19.f4 Nc4 20.Bc3 Nb6 21.Qc2 
Qd7 22.Rxe7 Kxe7 23.Bxg7 Qe6 24.Qf2 Kd7 25.f5 Qe7 26.f6 Qe5 27.Bg4+ Kc6 
28.Bxh8 Rxh8 29.Re1 Qg5 30.h3 h5 31.Be6 Rf8 32.f7 h4 33.b4 d4 34.bxc5 dxc5
35.Qf3+ Kd6 36.Bg4 Qh6 37.Qb7 Qf6 38.Qxa7 Kd5 39.Bf3+ Kc4 40.Qa6+ Kc3 41.
Qa3+ 1-0

[Event "3rd EUR-ch (w)"]
[Site "Varna BUL"]
[Date "2002.05.28"]
[Round "2.20"]
[White "Krivec, Jana"]
[Black "Kosintseva, Tatiana"]
[Result "1/2-1/2"]
[WhiteElo "2271"]
[BlackElo "2373"]
[EventDate "2002.05.27"]
[PlyCount "106"]

1.e4 c5 2.Nf3 d6 3.d4 cxd4 4.Nxd4 Nf6 5.Nc3 g6 6.Be2 Bg7 7.O-O O-O 8.Nb3 
Nbd7 9.Bg5 b6 10.f4 Bb7 11.Bf3 b5 12.Rb1 a5 13.Kh1 Qb6 14.Re1 a4 15.Nd2 e5
16.f5 b4 17.Ne2 gxf5 18.Ng3 fxe4 19.Ndxe4 Nxe4 20.Bxe4 Bxe4 21.Rxe4 f6 22.
Be3 Qc6 23.Qg4 Rf7 24.Rc4 Nc5 25.Nf5 Kh8 26.Nxd6 Qxd6 27.Bxc5 Qa6 28.Rxb4 
f5 29.Qf3 Rg8 30.Qd5 Qg6 31.Rb6 Qh5 32.b4 f4 33.Rf1 Qe2 34.Qd3 Qg4 35.Qe4 
Rd7 36.Rd6 Rxd6 37.Bxd6 Qe6 38.Rd1 Rd8 39.c4 h6 40.Qd5 Qg6 41.c5 e4 42.Re1
e3 43.Qc4 Rxd6 44.cxd6 Qxd6 45.Qc8+ Kh7 46.Qf5+ Kg8 47.Rc1 Qxb4 48.Rc8+ 
Bf8 49.Qg6+ Kh8 50.Qxh6+ Kg8 51.Qg6+ Kh8 52.Qh6+ Kg8 53.Qg6+ Kh8 1/2-1/2

[Event "3rd EUR-ch (w)"]
[Site "Varna BUL"]
[Date "2002.05.28"]
[Round "2.21"]
[White "Besheva, Svetla"]
[Black "Kononenko, Tatiana"]
[Result "0-1"]
[WhiteElo "2125"]
[BlackElo "2370"]
[EventDate "2002.05.27"]
[PlyCount "94"]

1.d4 d5 2.Nf3 c6 3.c4 e6 4.Qc2 f5 5.g3 Nf6 6.Bg2 Bd6 7.O-O O-O 8.b3 Qe7 9.
Bb2 b6 10.Nbd2 Ne4 11.Ne5 Bb7 12.Ndf3 Nd7 13.Nxd7 Qxd7 14.Ne5 Qe7 15.f3 
Nf6 16.e3 Rac8 17.Rac1 c5 18.Qe2 Nd7 19.Nxd7 Qxd7 20.Rfd1 Qe7 21.Qd2 cxd4 
22.Bxd4 dxc4 23.bxc4 e5 24.Bb2 Bc5 25.Kh1 f4 26.exf4 exf4 27.Qd7 Rc7 28.
Qg4 Bc8 29.Qh5 Be3 30.Re1 Rc5 31.Ba3 Bxc1 32.Rxe7 Rxh5 33.Bxc1 Rd8 34.Re1 
fxg3 35.f4 gxh2 36.Bf3 Rh3 37.Bg2 Rh6 38.Ba3 Re6 39.Rf1 Re2 40.f5 Rdd2 41.
Bd5+ Rxd5 42.cxd5 Rxa2 43.Bd6 Bb7 44.Rd1 Ra5 45.Bxh2 Rxd5 46.Rxd5 Bxd5+ 
47.Kg1 Be4 0-1

[Event "3rd EUR-ch (w)"]
[Site "Varna BUL"]
[Date "2002.05.28"]
[Round "2.22"]
[White "Lomineishvili, Maia"]
[Black "Richards, Heather"]
[Result "1-0"]
[WhiteElo "2370"]
[BlackElo "2252"]
[EventDate "2002.05.27"]
[PlyCount "65"]

1.d4 e6 2.c4 Bb4+ 3.Bd2 a5 4.Nc3 d6 5.Nf3 Nf6 6.Qc2 Nbd7 7.a3 Bxc3 8.Bxc3 
Qe7 9.e4 e5 10.Bd3 O-O 11.O-O a4 12.Nh4 g6 13.Nf3 c5 14.dxe5 dxe5 15.Qd2 
Nh5 16.Ne1 f6 17.Nc2 Nf4 18.Ne3 Qd6 19.Nd5 Ne6 20.Qh6 Nb6 21.Rad1 Nd4 22.
f4 Bg4 23.Rd2 Rae8 24.Nxb6 Qxb6 25.f5 Nb3 26.Rdf2 Qd8 27.fxg6 Re7 28.Rxf6 
Rxf6 29.Rxf6 Nd4 30.Rf7 Rxf7 31.gxf7+ Kxf7 32.Qxh7+ Kf6 33.Qh4+ 1-0

[Event "3rd EUR-ch (w)"]
[Site "Varna BUL"]
[Date "2002.05.28"]
[Round "2.23"]
[White "Ozturk, Kubra"]
[Black "Slavina, Irina"]
[Result "0-1"]
[WhiteElo "2017"]
[BlackElo "2370"]
[EventDate "2002.05.27"]
[PlyCount "70"]

1.d4 Nf6 2.c4 g6 3.Nc3 Bg7 4.g3 O-O 5.Bg2 d6 6.Nf3 Nc6 7.O-O a6 8.a3 Bg4 
9.Qd3 Nd7 10.e3 e5 11.d5 Ne7 12.b4 e4 13.Qxe4 Bxc3 14.Qxg4 Bxa1 15.Bd2 Bg7
16.e4 c5 17.Bf4 Nf6 18.Qh4 Nxe4 19.Re1 Nf6 20.bxc5 Nf5 21.Qh3 dxc5 22.g4 
Nd4 23.Nd2 Re8 24.Rxe8+ Qxe8 25.Be3 Qa4 26.g5 Qd1+ 27.Bf1 Qg4+ 28.Kh1 Qxh3
29.Bxh3 Ne8 30.Ne4 b5 31.cxb5 axb5 32.Nxc5 Rxa3 33.Bd7 Nd6 34.Bf4 N6f5 35.
Kg2 b4 0-1

[Event "3rd EUR-ch (w)"]
[Site "Varna BUL"]
[Date "2002.05.28"]
[Round "2.24"]
[White "Shumiakina, Tatiana"]
[Black "Doncheva, Marinela"]
[Result "1-0"]
[WhiteElo "2366"]
[BlackElo "2077"]
[EventDate "2002.05.27"]
[PlyCount "97"]

1.d4 Nf6 2.Nf3 g6 3.g3 Bg7 4.Bg2 O-O 5.O-O d6 6.c4 Nbd7 7.Nc3 e5 8.e4 c6 
9.Be3 Re8 10.h3 Qc7 11.Re1 Nf8 12.d5 c5 13.a3 a6 14.Nd2 Bd7 15.b4 b6 16.
Rb1 Nh5 17.a4 Reb8 18.a5 b5 19.bxc5 Qxa5 20.Nb3 Qb4 21.Qc2 f5 22.c6 Be8 
23.cxb5 axb5 24.Nc5 Qa5 25.Nb7 Rxb7 26.cxb7 Rb8 27.Na2 Rxb7 28.Qc8 Re7 29.
Nb4 f4 30.Bd2 fxg3 31.fxg3 Qc7 32.Rbc1 Qxc8 33.Rxc8 Bd7 34.Rc7 Nxg3 35.Nc6
Re8 36.Bb4 Bh6 37.Bf3 Bf4 38.Bg4 Bxg4 39.hxg4 Ra8 40.Ra7 Re8 41.Kg2 h5 42.
gxh5 gxh5 43.Bxd6 Ng6 44.Bb4 Kh8 45.d6 Bg5 46.d7 Rg8 47.Kxg3 Bh4+ 48.Kh3 
Bxe1 49.Bxe1 1-0

[Event "3rd EUR-ch (w)"]
[Site "Varna BUL"]
[Date "2002.05.28"]
[Round "2.25"]
[White "Maric, Alisa"]
[Black "Kouvatsou, Maria"]
[Result "1-0"]
[WhiteElo "2455"]
[BlackElo "2232"]
[EventDate "2002.05.27"]
[PlyCount "43"]

1.Nf3 Nf6 2.c4 g6 3.Nc3 Bg7 4.e4 d6 5.d4 O-O 6.Be2 e5 7.Be3 Ng4 8.Bg5 f6 
9.Bc1 Nc6 10.d5 Nb8 11.O-O f5 12.Ng5 Qe8 13.exf5 gxf5 14.f3 Nh6 15.f4 c6 
16.Nf3 e4 17.Nd4 a5 18.Rb1 Na6 19.Be3 Nc5 20.Bh5 Nf7 21.g3 b6 22.Nxc6 1-0

[Event "3rd EUR-ch (w)"]
[Site "Varna BUL"]
[Date "2002.05.28"]
[Round "2.26"]
[White "Matveeva, Svetlana"]
[Black "Shaidullina, Sandugach"]
[Result "1-0"]
[WhiteElo "2437"]
[BlackElo "2245"]
[EventDate "2002.05.27"]
[PlyCount "133"]

1.Nf3 Nf6 2.g3 b5 3.Bg2 Bb7 4.O-O c5 5.d3 e6 6.e4 d6 7.a4 b4 8.Nbd2 Be7 9.
Ne1 Qc7 10.f4 Nc6 11.Nef3 O-O 12.e5 dxe5 13.Nxe5 Nd4 14.Bxb7 Qxb7 15.c3 
Nf5 16.Ndc4 Nd5 17.Bd2 Nd6 18.Qf3 Qc7 19.a5 bxc3 20.bxc3 Rab8 21.Nxd6 Bxd6
22.Nc4 Be7 23.f5 Bf6 24.fxe6 fxe6 25.Qe4 Rfe8 26.Rac1 Rb3 27.d4 Nxc3 28.
Bxc3 Rxc3 29.Rxc3 Bxd4+ 30.Re3 Qd8 31.Kg2 Bxe3 32.Qxe3 Qd5+ 33.Qf3 h6 34.
Ne3 Qd7 35.Rd1 Qc7 36.Qg4 Qxa5 37.Rd7 Qa2+ 38.Kh3 Qa1 39.Qg6 Rf8 40.Qxe6+ 
Kh8 41.Qe7 Ra8 42.Qxc5 a5 43.Qd5 Re8 44.Qd3 Qe5 45.Nf5 Rg8 46.Ne7 Qe6+ 47.
Qf5 Qxf5+ 48.Nxf5 h5 49.Ra7 g6 50.Nd6 Rb8 51.Rxa5 Kg7 52.Ne4 Rb7 53.Kg2 
Rb2+ 54.Nf2 Kf6 55.h4 Re2 56.Rg5 Ra2 57.Kf3 Ra3+ 58.Kf4 Ra4+ 59.Ne4+ Kf7 
60.Rd5 Rb4 61.Rd7+ Ke6 62.Rd6+ Kf7 63.Ke5 Rb5+ 64.Rd5 Rb3 65.Rd7+ Kg8 66.
Kf6 Re3 67.Rd8+ 1-0

[Event "3rd EUR-ch (w)"]
[Site "Varna BUL"]
[Date "2002.05.28"]
[Round "2.27"]
[White "Gunther, Anetta"]
[Black "Bojkovic, Natasa"]
[Result "1-0"]
[WhiteElo "2116"]
[BlackElo "2431"]
[EventDate "2002.05.27"]
[PlyCount "77"]

1.e4 c5 2.Nf3 d6 3.d4 cxd4 4.Nxd4 Nf6 5.Nc3 Nc6 6.Bg5 e6 7.Qd2 Be7 8.O-O-O
O-O 9.f3 d5 10.Nxc6 bxc6 11.e5 Nd7 12.Bxe7 Qxe7 13.f4 Rb8 14.Re1 f6 15.Bd3
fxe5 16.fxe5 c5 17.Rhf1 Bb7 18.g3 d4 19.Nd1 Rxf1 20.Bxf1 Rf8 21.Bb5 Nb6 
22.c3 Rd8 23.Nf2 c4 24.cxd4 a6 25.Qa5 Rd5 26.Qxb6 Rxb5 27.Qd6 Qg5+ 28.Kd1 
Qf5 29.Qd8+ Kf7 30.Qd7+ Kg6 31.Qe8+ Kh6 32.g4 Qb1+ 33.Ke2 Rxb2+ 34.Kf1 Qg6
35.Qe7 Qg5 36.Qxe6+ g6 37.Qf7 Qd2 38.Qf8+ Kg5 39.h4+ 1-0

[Event "3rd EUR-ch (w)"]
[Site "Varna BUL"]
[Date "2002.05.28"]
[Round "2.32"]
[White "Bosboom-Lanchava, Tea"]
[Black "Ismailova, Aytaj"]
[Result "1-0"]
[WhiteElo "2330"]
[BlackElo "2157"]
[EventDate "2002.05.27"]
[PlyCount "89"]

1.d4 d5 2.c4 e6 3.Nc3 Nf6 4.cxd5 exd5 5.Bg5 c6 6.e3 Be7 7.Bd3 Nbd7 8.Nf3 
O-O 9.Qc2 Re8 10.h3 Nf8 11.O-O Be6 12.a3 a5 13.Ne5 N6d7 14.Bxe7 Qxe7 15.
Nxd7 Bxd7 16.Na4 Qh4 17.Nc5 Bc8 18.b4 Ne6 19.b5 Ng5 20.Bf5 Bxf5 21.Qxf5 
Rab8 22.Nd7 Rbd8 23.bxc6 bxc6 24.Ne5 g6 25.Qd3 c5 26.Ng4 Re6 27.dxc5 h5 
28.Nh2 Re4 29.Rac1 d4 30.c6 Nxh3+ 31.gxh3 dxe3 32.Qe2 Rd2 33.Qf3 exf2+ 34.
Kh1 Rf4 35.c7 Rxf3 36.c8=Q+ Rd8 37.Nxf3 Qf6 38.Qc3 Qf5 39.Rxf2 Qxh3+ 40.
Rh2 Qg4 41.Rg1 Qf5 42.Rg5 Qb1+ 43.Kg2 Kh7 44.Rhxh5+ gxh5 45.Qg7# 1-0

[Event "3rd EUR-ch (w)"]
[Site "Varna BUL"]
[Date "2002.05.28"]
[Round "2.33"]
[White "Koskoska, Gabriela"]
[Black "Velikhanli, Firuza"]
[Result "1-0"]
[WhiteElo "2229"]
[BlackElo "2320"]
[EventDate "2002.05.27"]
[PlyCount "59"]

1.e4 c5 2.Nc3 Nc6 3.f4 g6 4.Nf3 Bg7 5.Bb5 e6 6.Bxc6 dxc6 7.d3 Nf6 8.e5 Nd5
9.Ne4 O-O 10.O-O b6 11.a3 Ba6 12.c4 Ne7 13.g4 f5 14.exf6 Bxf6 15.Nxf6+ 
Rxf6 16.Qe2 Qd6 17.Ng5 Qd7 18.Bd2 Qd4+ 19.Kh1 Qxb2 20.Qe1 Qc2 21.Bc3 Qxd3 
22.Bxf6 Bxc4 23.Bxe7 h6 24.Nf3 Re8 25.Bf6 Rf8 26.g5 hxg5 27.fxg5 Qxf1+ 28.
Qxf1 Bxf1 29.Rxf1 b5 30.Ne5 1-0

[Event "3rd EUR-ch (w)"]
[Site "Varna BUL"]
[Date "2002.05.28"]
[Round "2.34"]
[White "Peptan, Corina-Isabela"]
[Black "Gerasimovich, Olga"]
[Result "1-0"]
[WhiteElo "2480"]
[BlackElo "2153"]
[EventDate "2002.05.27"]
[PlyCount "201"]

1.e4 c5 2.Nf3 d6 3.d4 cxd4 4.Nxd4 Nf6 5.Nc3 a6 6.Be2 e5 7.Nf3 Be7 8.O-O 
O-O 9.Re1 b5 10.Bg5 Nbd7 11.a4 b4 12.Nd5 Rb8 13.Bxf6 Nxf6 14.Nxf6+ Bxf6 
15.Bc4 Qc7 16.Qd3 a5 17.Nd2 Bg5 18.Nf1 Rb6 19.Ne3 Bxe3 20.Rxe3 Rc6 21.Bb3 
Be6 22.Re2 Rc8 23.h3 Bxb3 24.cxb3 h6 25.Rd1 Kh8 26.Red2 Rc2 27.Kh2 Rc6 28.
Qf3 f6 29.Qg4 Rd8 30.Qe6 Qc8 31.Qd5 Rc5 32.Qf7 Qc7 33.Qg6 Rc2 34.Qg3 Qc6 
35.Qd3 Rc5 36.f3 Rd7 37.Kg3 Rd8 38.Kf2 Rd7 39.Kg3 Rd8 40.h4 Rd7 41.Qe3 Rd8
42.Rd5 Rxd5 43.Rxd5 f5 44.Qd2 f4+ 45.Kh2 Qb6 46.Qc2 Kh7 47.Rd1 Qa7 48.Rd5 
Qb6 49.Qd2 Qc7 50.Kg1 Qb6+ 51.Qf2 Qc7 52.Kh2 Rc8 53.h5 Rd8 54.Qh4 Rd7 55.
Qg4 Rd8 56.Qf5+ Kh8 57.Qe6 Kh7 58.Rb5 Qa7 59.Rd5 Qc7 60.Qf5+ Kh8 61.Qe6 
Kh7 62.Rd2 Kh8 63.Rd1 Kh7 64.Qd5 Kh8 65.Qb5 Qa7 66.Rc1 Kh7 67.Qd5 Kh8 68.
Rc2 Qe7 69.Kg1 Qa7+ 70.Kh2 Qe7 71.Rc1 Qa7 72.Qe6 Qd7 73.Qxd7 Rxd7 74.Rd1 
Rc7 75.Rxd6 Rc2 76.Rd5 Rxb2 77.Rxa5 Rxb3 78.Rxe5 Ra3 79.a5 b3 80.Rb5 b2 
81.Rxb2 Rxa5 82.Kh3 Rxh5+ 83.Kg4 Ra5 84.Kxf4 Kg8 85.Rb7 Kh7 86.Rd7 Kg6 87.
Rd6+ Kf7 88.Rd5 Ra2 89.g3 Ra7 90.Kg4 Re7 91.e5 Ke6 92.Ra5 Kf7 93.f4 Rb7 
94.Kh5 Rc7 95.g4 Rb7 96.f5 Rc7 97.Ra8 Rc4 98.e6+ Ke7 99.Rg8 Kf6 100.Rf8+ 
Ke7 101.Rf7+ 1-0

[Event "3rd EUR-ch (w)"]
[Site "Varna BUL"]
[Date "2002.05.28"]
[Round "2.35"]
[White "Lomakina, Galia"]
[Black "Repkova, Eva"]
[Result "1/2-1/2"]
[WhiteElo "2142"]
[BlackElo "2345"]
[EventDate "2002.05.27"]
[PlyCount "137"]

1.Nf3 Nf6 2.g3 g6 3.Bg2 Bg7 4.O-O O-O 5.d3 d5 6.Nbd2 c5 7.e4 Nc6 8.Re1 e5 
9.c3 Re8 10.a4 h6 11.exd5 Nxd5 12.Nc4 Rb8 13.Nfd2 Be6 14.a5 b6 15.axb6 
axb6 16.Ne4 Qd7 17.Ra6 Red8 18.Qe2 Qc8 19.Ra1 Qc7 20.Ned2 b5 21.Ne3 Nde7 
22.h4 f5 23.h5 g5 24.g4 f4 25.Nc2 Qd7 26.f3 Qxd3 27.Qxd3 Rxd3 28.Ne4 Rd5 
29.b3 Bf7 30.Bf1 b4 31.c4 Rdd8 32.Bb2 Nd4 33.Bxd4 cxd4 34.Bd3 Be8 35.Nc5 
Nc6 36.Ra6 Ra8 37.Rea1 Rxa6 38.Rxa6 Bf8 39.Ne4 Kg7 40.Kf2 Be7 41.Ke2 Rc8 
42.Nf2 Bd8 43.Bf5 Rb8 44.Nd3 Na5 45.Ncxb4 Nxb3 46.Nd5 Na5 47.Nxe5 Rb2+ 48.
Kd3 Nb3 49.Ra7+ Kf8 50.Bg6 Rd2+ 51.Ke4 Re2+ 52.Kf5 d3 53.Bxe8 Nd4+ 54.Kg6 
Rxe5 55.Ba4 Re6+ 56.Kh7 Rd6 57.Rg7 Nxf3 58.Rg8+ Kf7 59.Rg7+ Ke6 60.Nc3 Ne5
61.c5 Rd4 62.Bb3+ Kf6 63.c6 Nxg4 64.Nb5 Rb4 65.Rg6+ Ke7 66.Rg7+ Kf6 67.
Rg6+ Ke7 68.Rg7+ Kf6 69.Rg6+ 1/2-1/2

[Event "3rd EUR-ch (w)"]
[Site "Varna BUL"]
[Date "2002.05.28"]
[Round "2.36"]
[White "Zakurdyaeva, Irina"]
[Black "Smochina, Carolina"]
[Result "0-1"]
[WhiteElo "2318"]
[BlackElo "2143"]
[EventDate "2002.05.27"]
[PlyCount "76"]

1.e4 c5 2.Nf3 d6 3.d4 cxd4 4.Nxd4 Nf6 5.Nc3 g6 6.Be3 Bg7 7.f3 Nc6 8.Qd2 
O-O 9.Bc4 Bd7 10.O-O-O Rc8 11.Bb3 Ne5 12.h4 Nc4 13.Bxc4 Rxc4 14.h5 Nxh5 
15.g4 Nf6 16.Nb3 Qc7 17.g5 Nh5 18.Nd5 Qd8 19.Bxa7 Rc6 20.Qe3 Re8 21.Bb6 
Qc8 22.Rd2 e6 23.Nb4 Rc4 24.a3 Be5 25.Rxh5 gxh5 26.f4 Bg7 27.Na5 Rc7 28.
Rxd6 Bf8 29.Qd2 Ba4 30.b3 Bxd6 31.Qxd6 Rd7 32.Qe5 Qb8 33.Qxb8 Rxb8 34.bxa4
h4 35.Nc4 h3 36.Bg1 Rbd8 37.Nd3 Rxd3 38.cxd3 Rxd3 0-1

[Event "3rd EUR-ch (w)"]
[Site "Varna BUL"]
[Date "2002.05.28"]
[Round "2.37"]
[White "Lauterbach, Ingrid"]
[Black "Khasanova, Elmira"]
[Result "1-0"]
[WhiteElo "2127"]
[BlackElo "2256"]
[EventDate "2002.05.27"]
[PlyCount "57"]

1.Nf3 c5 2.g3 Nc6 3.Bg2 g6 4.O-O Bg7 5.c3 e5 6.e4 Nge7 7.d3 O-O 8.Nbd2 d6 
9.a4 Kh8 10.Nc4 f5 11.exf5 gxf5 12.Ng5 Rf6 13.Qh5 Kg8 14.Qxh7+ Kf8 15.Qh5 
Kg8 16.f4 Rh6 17.Qe2 e4 18.dxe4 fxe4 19.Bxe4 d5 20.Bg2 d4 21.Nd2 Na5 22.
Ndf3 dxc3 23.bxc3 Bxc3 24.Bb2 Bxb2 25.Qxb2 Qb6 26.Qe2 c4+ 27.Rf2 Qc5 28.
Ne5 Be6 29.Nxe6 1-0

[Event "3rd EUR-ch (w)"]
[Site "Varna BUL"]
[Date "2002.05.28"]
[Round "2.38"]
[White "Muzychuk, Anna"]
[Black "Zlatanova, Emilia"]
[Result "1-0"]
[WhiteElo "2256"]
[BlackElo "2137"]
[EventDate "2002.05.27"]
[PlyCount "71"]

1.e4 e5 2.Nf3 Nc6 3.Bc4 Bc5 4.b4 Bxb4 5.c3 Ba5 6.d4 b5 7.Bxb5 Nxd4 8.Nxd4 
exd4 9.Qxd4 Qf6 10.e5 Qb6 11.Qd3 Ne7 12.O-O O-O 13.Ba3 Re8 14.Kh1 Ng6 15.
f4 Rb8 16.Bc4 Qc6 17.Bd5 Ba6 18.c4 Qa4 19.Bxf7+ Kxf7 20.Qd5+ Re6 21.f5 
Bxc4 22.fxe6+ Kg8 23.Qe4 dxe6 24.Rc1 Bb5 25.Qxa4 Bxa4 26.Nc3 Bc6 27.Ne2 
Bd5 28.Rab1 Rxb1 29.Rxb1 Nxe5 30.Rb8+ Kf7 31.Rf8+ Kg6 32.Nf4+ Kg5 33.Bc1 
Kg4 34.h3+ Kg3 35.Nxd5 exd5 36.Bf4+ 1-0

[Event "3rd EUR-ch (w)"]
[Site "Varna BUL"]
[Date "2002.05.28"]
[Round "2.39"]
[White "Bogza, Adina"]
[Black "Mira, Helene"]
[Result "1-0"]
[WhiteElo "2251"]
[BlackElo "2127"]
[EventDate "2002.05.27"]
[PlyCount "74"]

1.Nf3 c5 2.g3 Nc6 3.d4 cxd4 4.Nxd4 d5 5.Bg2 e5 6.Nxc6 bxc6 7.O-O Nf6 8.c4 
h6 9.Nc3 e4 10.Qa4 Bd7 11.cxd5 cxd5 12.Qd4 Qb6 13.Be3 Qxd4 14.Bxd4 Bc6 15.
Rac1 Kd7 16.Rfd1 Be7 17.Bh3+ Kd6 18.Bxf6 gxf6 19.Nxe4+ Kc7 20.Nc3 Kb6 21.
Bg2 Rad8 22.Bxd5 Bb5 23.Bxf7 Rxd1+ 24.Rxd1 Bc6 25.Bd5 Bd7 26.Bf3 Be6 27.
Bd5 Bd7 28.e4 a5 29.Bb3 Bc6 30.Ba4 Bb7 31.Kf1 Rc8 32.Ke2 Rc4 33.Bb3 Rb4 
34.f3 Bc6 35.Rd2 a4 36.Bxa4 Rxa4 37.Nxa4+ Bxa4 1-0

[Event "3rd EUR-ch (w)"]
[Site "Varna BUL"]
[Date "2002.05.28"]
[Round "2.40"]
[White "Jiretorn, Eva"]
[Black "Kaps, Darja"]
[Result "1/2-1/2"]
[WhiteElo "2114"]
[BlackElo "2251"]
[EventDate "2002.05.27"]
[PlyCount "89"]

1.d4 Nf6 2.c4 g6 3.Nc3 Bg7 4.e4 d6 5.Nf3 O-O 6.Be2 e5 7.O-O Nc6 8.d5 Ne7 
9.Ne1 Ne8 10.f4 f5 11.fxe5 dxe5 12.Bf3 Kh8 13.Kh1 Nd6 14.Qe2 b6 15.Be3 a5 
16.Nc2 Ng8 17.Rad1 f4 18.Bg1 g5 19.b3 Nf6 20.g4 h5 21.h3 hxg4 22.hxg4 Qd7 
23.Rf2 Kg8 24.Rg2 Kf7 25.Ne1 Rh8+ 26.Bh2 Rh4 27.Nd3 Nxg4 28.Bxg4 Rxg4 29.
Rdg1 Rxg2 30.Rxg2 g4 31.Bxf4 exf4 32.e5 Qf5 33.exd6 Bxc3 34.Qe7+ Kg8 35.
Qe8+ Qf8 36.d7 Bxd7 37.Qxd7 Qh6+ 38.Rh2 Qg6 39.Qe6+ Kg7 40.Qe7+ Kg8 41.
Qe6+ Qxe6 42.dxe6 f3 43.Rh4 Kf8 44.Rxg4 Ke7 45.Rf4 1/2-1/2

[Event "3rd EUR-ch (w)"]
[Site "Varna BUL"]
[Date "2002.05.28"]
[Round "2.41"]
[White "Hernandez Estevez, Yudania"]
[Black "Andersson, Christin"]
[Result "1-0"]
[WhiteElo "2247"]
[BlackElo "2119"]
[EventDate "2002.05.27"]
[PlyCount "75"]

1.e4 e5 2.Nf3 Nc6 3.Bb5 f5 4.Nc3 fxe4 5.Nxe4 d5 6.Ng3 Bg4 7.h3 Bxf3 8.Qxf3
Qd6 9.O-O O-O-O 10.c3 Kb8 11.d3 Nf6 12.Bg5 h6 13.Be3 g6 14.b4 Bg7 15.Bc5 
Qe6 16.Rfe1 Nd7 17.Rab1 Nxc5 18.bxc5 Ka8 19.Rb3 Rhf8 20.Qd1 d4 21.c4 a6 
22.Ra3 Na7 23.Ba4 Bf6 24.Ne4 Be7 25.Rb3 Rf4 26.Rb2 g5 27.g3 Rxe4 28.Rxe4 
Bxc5 29.Qg4 Qf6 30.Rbe2 Bd6 31.c5 Bxc5 32.Rxe5 Qd6 33.Re6 Qd5 34.R2e5 Qxa2
35.Re8 Nc6 36.Bxc6 Rxe8 37.Rxe8+ Ka7 38.Qc8 1-0

[Event "3rd EUR-ch (w)"]
[Site "Varna BUL"]
[Date "2002.05.28"]
[Round "2.42"]
[White "Georgieva, Liubka"]
[Black "Dimovski, Aleksandra"]
[Result "1-0"]
[WhiteElo "2241"]
[BlackElo "2114"]
[EventDate "2002.05.27"]
[PlyCount "41"]

1.e4 e5 2.Nf3 Nc6 3.Nc3 Nf6 4.Bb5 Nd4 5.Nxd4 exd4 6.e5 dxc3 7.exf6 cxd2+ 
8.Bxd2 Qxf6 9.O-O Be7 10.Re1 O-O 11.Bc3 Qd6 12.Qf3 Bg5 13.Be5 Qc5 14.Bd3 
d6 15.Bc3 Bd7 16.b4 Qb6 17.Qh5 h6 18.h4 Bf4 19.Re7 Bc6 20.Bxg7 Kxg7 21.
Qg6+ 1-0